000 00619nam a2200193Ia 4500
005 20250508164801.0
008 008 250505s9999 xx 000 0 eng d
020 _a81-272-2617-3
037 _aReference
040 _aFEDL
_beng
_cFEDL
041 _aeng
_2eng
084 _a372, NAT/RR
_qFEDL
245 0 _aElementary education in rural India: Where do we stand? Analytical tables 2007-08
245 0 _cNUEPA
260 _aNew Delhi, India
_bNational University of Educational Planning and Administration
_c2009
300 _axviii,225p.
942 _cREF
_h372, NAT/RR
999 _c1391144
_d1391144